| 000 | 00409nam a2200157 i 4500 | ||
|---|---|---|---|
| 001 | bg | ||
| 100 | 1 | _aBRAVO, Benedetto. | |
| 245 | 0 |
_aHistoria starożytnych Greków. _nT. 1, _pDo końca wojen perskich / _cB. Bravo, E. Wipszycka. |
|
| 260 |
_aWarszawa, _c1988. |
||
| 700 | 1 | _aWIPSZYCKA, Ewa. | |
| 040 | _cBPK | ||
| 041 | _apol | ||
| 080 | _a937 | ||
| 942 | _cKS | ||
| 008 | s pl f |000 0 pol | ||
| 999 |
_c23869 _d23869 |
||
| 856 |
_uhttp://koha.tu.koszalin.pl/cgi-bin/koha/opac-detail.pl?biblionumber=23869 _yKatalog online BPK |
||